| 000 | 00394nam a22001217a 4500 | ||
|---|---|---|---|
| 082 | _aTHE 200 | ||
| 100 |
_aSAAD ARIF _972819 |
||
| 245 | _aTH-SOF-0776-DESIGN AND SIMULATION OF EMBEDDED MOTION CONTROL SYSTEM BASED ON INTELLIGENT COUSRSE CONRROL TECHNOLOGY | ||
| 260 |
_aNUST COLLEGE OF EME _bISLAMABAD _c2001 |
||
| 650 | _a MS-MTS-62 MSTHESIS | ||
| 700 |
_a DR JAVAID IQBAL _931386 |
||
| 942 | _cCF | ||
| 999 |
_c578799 _d578799 |
||